01087 a2200193 45000010006000000050017000060080041000230030015000640400040000790800026001192450031001450200018001762500011001942640036002053000019002415050583002601000031008437000019008743990220260407155655.0260407a1975 arg spa dAR-UNSa-BCEJYS aAR-UNSa-BCEJYSbspacAR-UNSa-BCEJYS a330.43xEconometría10aMétodos de econometría a84-316-1399-8 a3a. ed 1aBarcelona :bVicens-Vivesc1975 a464 p.c22 cm. a1. La naturaleza de la econometría - 2. Modelo lineal de dos variables - 3. Ampliaciones del modelo lineal de dos variables - 4. Elementos de álgebra matricial - 5. El modelo lineal general - 6. Ampliaciones del modelo lineal general - 7. Mínimos cuadros generalizados - 8. Autocorrección - 9. Regresores estocásticos, variables instrumentales y errores en las variables - 10. Variables retardadas - 11. Otros métodos multivariantes - 12. Métodos de ecuaciones simultáneas : identificación - 13. Métodos de ecuaciones simultáneas: Estimación - Apéndice1 aOtero Moreno, Jose María1 aJohnston, Jack